History Quiz

Random History or Year Quiz

WWII Events by Year Quiz Stats

 Plays Quiz Updated Sep 2, 2018

Score 0/30 Timer 07:00
9 Plays Today
% Correct
1939
75.6%
1941
73.5%
1945
73.1%
1944
70.5%
1944
64%
1945
63.8%
1940
61.8%
1940
59.7%
1940
54.9%
1945
50.4%
1940
50.3%
1945
49.3%
1945
48.3%
1942
47.8%
1942
47.1%
% Correct
1943
45.5%
1944
44.4%
1942
44.1%
1942
44%
1939
43.1%
1943
41.9%
1942
40.2%
1943
38.8%
1941
38.7%
1943
38.5%
1941
37.9%
1940
36.1%
1944
36%
1941
35.7%
1941
22.5%

You're not logged in!

Compare scores with friends on all Sporcle quizzes.
OR
Log In

Show Comments

Extras

Top Quizzes Today


Score Distribution

Your Account Isn't Verified!

In order to create a playlist on Sporcle, you need to verify the email address you used during registration. Go to your Sporcle Settings to finish the process.

Report this User

Report this user for behavior that violates our Community Guidelines.

Details: